Guess Popular KPOP Idols - Statistics

General Stats
  • This quiz has been taken 127 times
  • The average score is 16 of 20
Answer Stats
Picture Answer % Correct
Jungkook
97%
Jennie
94%
Jimin
94%
Lisa
93%
Nayeon
88%
Wonyoung
88%
Hyunjin
86%
Karina
85%
Ningning
81%
Yeonjun
80%
Chaewon
79%
Gdragon
79%
Jihyo
76%
Sunghoon
75%
Taehyung
70%
Kai
69%
Hanni
66%
Mingyu
66%
IU
65%
Eunwoo
59%
No matching quizzes found
Score Distribution
Percent of People with Each Score
Percentile by Number Answered
Your Score History
You have not taken this quiz